| 000 | 00503nam a2200169Ia 4500 | ||
|---|---|---|---|
| 999 |
_c10918 _d10918 |
||
| 082 | _aTS.0495 | ||
| 100 | _aSaxena, Anil Kumar | ||
| 245 | 0 | _aAttitude towards physics and cognitive preference styles among different groups | |
| 260 |
_c1984 _bUniversity of Rajasthan |
||
| 300 | _a206p. | ||
| 650 | _aCOGNITIVE LEARNING | ||
| 650 | _aSCIENCE - STUDY AND TEACHING | ||
| 650 | _aPHYSICS - STUDY AND TEACHING | ||
| 650 | _aSTUDENTS - ATTITUDES - RAJASTHAN | ||
| 710 | _aSood, J.K. | ||
| 942 |
_cTH _2ddc |
||